000 00305nam a22001337a 4500
008 171006b xxu||||| |||| 00| 0 eng d
020 _a066963669-X
041 _aeng
080 _a 159.9
100 _a49
101 _aPSI
245 _aTHEORIES AND SYSTEMS OF PSYCHOLOGY
_cLUNDIN,R.W
942 _2udc
_cBK
999 _c32398
_d32398